[Event "Moscow-ch U18"]
[Site "Moscow"]
[Date "2010.12.06"]
[Round "8"]
[White "Mikhteev, Maxim"]
[Black "Grigoryeva, Olga A"]
[Result "1-0"]
[WhiteElo "1988"]
[BlackElo "2054"]
[PlyCount "79"]
[EventDate "2010.11.21"]
[EventType "swiss"]
[EventRounds "9"]
[EventCountry "RUS"]
[SourceTitle "EXT 2012"]
[Source "ChessBase"]
[SourceDate "2011.11.24"]
[SourceVersion "1"]
[SourceVersionDate "2011.11.24"]
[SourceQuality "1"]

1. e4 c5 2. c3 e5 3. f4 exf4 4. Nf3 d5 5. e5 Ne7 6. Qa4+ Nbc6 7. Qxf4 Ng6 8. Qg3 d4 9. h4 Qd5 10. Bb5 Bd7 11. Bxc6 Bxc6 12. 0-0 Be7 13. Rf2 h5 14. d3 dxc3 15. Nxc3 Qxd3 16. Bg5 Bxg5 17. Qxg5 Bxf3 18. gxf3 Qd8 19. Qf5 Nxh4 20. Qe4 0-0 21. Nd5 Qg5+ 22. Kh1 Nf5 23. Qxf5 Qxf5 24. Ne7+ Kh7 25. Nxf5 b6 26. Rd1 g6 27. Ne7 Rfe8 28. Rd7 Kg7 29. f4 Kf8 30. Nc6 a6 31. f5 g5 32. e6 fxe6 33. fxe6+ Kg8 34. Ne7+ Kg7 35. Rf7+ Kh6 36. Rf6+ Kg7 37. Nd5+ Kg8 38. Rg6+ Kh8 39. Rh6+ Kg8 40. Nf6+ 1-0